[Event "XXVIII Mitropa Cup"]
[Site "Rogaska Slatina SLO"]
[Date "2009.05.12"]
[Round "4.2"]
[White "Godena, Michele"]
[Black "Jovanovic, Zoran"]
[Result "1/2-1/2"]
[WhiteElo "2538"]
[BlackElo "2525"]
[Annotator "ITA-CRO"]
[PlyCount "67"]
[EventDate "2009.05.09"]

1. e4 c5 2. c3 Nf6 3. e5 Nd5 4. Nf3 Nc6 5. Bc4 Nb6 6. Be2 d6 7. exd6 Qxd6 8.
Na3 a6 9. d3 Bf5 10. Be3 e6 11. d4 Nd5 12. Nc4 Qc7 13. dxc5 Nxe3 14. Nxe3 Bxc5
15. Nxf5 exf5 16. Qd5 Ne7 17. Qe5 Qxe5 18. Nxe5 Ng6 19. Nd3 Bd6 20. Rd1 O-O-O
21. O-O Nf4 22. Nxf4 Bxf4 23. Bc4 Rxd1 24. Rxd1 Rd8 25. Rxd8+ Kxd8 26. Bxf7 Bc1
27. b3 Bd2 28. c4 Ke7 29. Bg8 h6 30. h4 g5 31. h5 Kd6 32. Kf1 Ke5 33. Ke2 Bb4
34. Bd5 1/2-1/2

[Event "XXVIII Mitropa Cup"]
[Site "Rogaska Slatina SLO"]
[Date "2009.05.12"]
[Round "4.3"]
[White "Doric, Darko"]
[Black "Brunello, Sabino"]
[Result "1/2-1/2"]
[WhiteElo "2468"]
[BlackElo "2477"]
[Annotator "ITA-CRO"]
[PlyCount "93"]
[EventDate "2009.05.09"]

1. d4 Nf6 2. c4 e6 3. Nf3 b6 4. a3 Bb7 5. Nc3 d5 6. cxd5 Nxd5 7. e3 g6 8. Nxd5
exd5 9. Be2 Bd6 10. Bd2 O-O 11. O-O a5 12. b4 Nd7 13. Qb3 a4 14. Qb2 c6 15. Ne5
Re8 16. Nxd7 Qxd7 17. Rac1 Rac8 18. Bd3 Qe7 19. Qc2 c5 20. bxc5 bxc5 21. dxc5
Bxc5 22. Qxa4 Ra8 23. Qc2 Bxa3 24. Rb1 Bd6 25. Bc3 Rec8 26. Qb2 Qc7 27. Bd4 Bc6
28. h3 Rab8 29. Qc3 Bd7 30. Qd2 Bh2+ 31. Kh1 Rxb1 32. Rxb1 Be5 33. Qb2 Bxd4 34.
Qxd4 Be6 35. Rd1 Qc3 36. Ba6 Qxd4 37. Rxd4 Rc2 38. Kg1 Kf8 39. g4 h6 40. Bf1
Ke7 41. Bg2 Kd6 42. f4 f6 43. Rd3 Kc5 44. Bf3 g5 45. f5 Bf7 46. Rd1 Rc4 47. Kf2
1/2-1/2

[Event "XXVIII Mitropa Cup"]
[Site "Rogaska Slatina SLO"]
[Date "2009.05.12"]
[Round "4.4"]
[White "Mogranzini, Roberto"]
[Black "Martinovic, Sasa"]
[Result "0-1"]
[WhiteElo "2422"]
[BlackElo "2483"]
[Annotator "ITA-CRO"]
[PlyCount "74"]
[EventDate "2009.05.09"]

1. e4 e6 2. d4 d5 3. Nd2 c5 4. exd5 Qxd5 5. dxc5 Bxc5 6. Ngf3 Nf6 7. Bc4 Qc6 8.
O-O O-O 9. Qe2 Nbd7 10. Nb3 b6 11. Nxc5 Qxc5 12. Be3 Qc7 13. Rad1 Bb7 14. Rd4
Rac8 15. Bb3 Nc5 16. c4 e5 17. Rdd1 Nxb3 18. axb3 Ng4 19. h3 e4 20. hxg4 exf3
21. gxf3 f5 22. Rd4 Rce8 23. Qd3 Qc6 24. Rd5 fxg4 25. fxg4 Qe6 26. Rf5 Be4 27.
Rxf8+ Rxf8 28. Qd1 Qf6 29. f3 Bxf3 30. Qd7 Qe5 31. Bf2 Qf4 32. Qe6+ Kh8 33. Bh4
h6 34. b4 Qd2 35. Rf2 Qd1+ 36. Rf1 Qxf1+ 37. Kxf1 Bxg4+ 0-1

[Event "XXVIII Mitropa Cup"]
[Site "Rogaska Slatina SLO"]
[Date "2009.05.13"]
[Round "5.2"]
[White "Macak, Stefan"]
[Black "Godena, Michele"]
[Result "0-1"]
[WhiteElo "2494"]
[BlackElo "2538"]
[Annotator "ITA-SVK"]
[PlyCount "104"]
[EventDate "2009.05.09"]

1. e4 e5 2. Nf3 Nc6 3. Bb5 a6 4. Ba4 Nf6 5. O-O b5 6. Bb3 Bc5 7. c3 d6 8. d4
Bb6 9. a4 Bb7 10. Bg5 h6 11. Bxf6 Qxf6 12. Bd5 O-O 13. dxe5 dxe5 14. b4 bxa4
15. Nbd2 a5 16. b5 Nd8 17. Nc4 Re8 18. Re1 Bxd5 19. Qxd5 Ne6 20. Ncxe5 Rad8 21.
Qc4 Ng5 22. h4 Rxe5 23. hxg5 hxg5 24. Qe2 Ree8 25. e5 Qf4 26. Qe4 Qxe4 27. Rxe4
f5 28. Rc4 g4 29. Nd4 g3 30. f4 g5 31. Kf1 gxf4 32. Re1 a3 33. Ra4 Rd5 34. Nf3
Rxb5 35. Rxa3 Rb2 36. Re2 Rb1+ 37. Re1 Rb2 38. Re2 Rb1+ 39. Re1 Rxe1+ 40. Kxe1
Kf7 41. Ra4 Ra8 42. Kd2 Be3+ 43. Kd3 Ke6 44. Kc4 c6 45. Ra2 a4 46. Ra1 a3 47.
Kb3 Bc5 48. Kc4 Be7 49. Re1 Ra4+ 50. Kd3 Re4 51. Ra1 Re3+ 52. Kd2 Rxf3 0-1

[Event "XXVIII Mitropa Cup"]
[Site "Rogaska Slatina SLO"]
[Date "2009.05.13"]
[Round "5.3"]
[White "Brunello, Sabino"]
[Black "Jurcik, Marian"]
[Result "1/2-1/2"]
[WhiteElo "2477"]
[BlackElo "2468"]
[Annotator "ITA-SVK"]
[PlyCount "94"]
[EventDate "2009.05.09"]

1. e4 e5 2. Nf3 Nc6 3. Bb5 a6 4. Ba4 Nf6 5. O-O Be7 6. Re1 b5 7. Bb3 d6 8. c3
O-O 9. h3 Na5 10. Bc2 c5 11. d4 Qc7 12. Nbd2 Bd7 13. dxe5 dxe5 14. Nf1 Rfd8 15.
Qe2 Nc4 16. Ng3 g6 17. b3 Nb6 18. Bh6 c4 19. b4 a5 20. a3 Ne8 21. Nh2 axb4 22.
axb4 Rxa1 23. Rxa1 Ra8 24. Rxa8 Nxa8 25. Ng4 Qd6 26. Be3 Nac7 27. Nh6+ Kf8 28.
h4 Ng7 29. h5 Qf6 30. hxg6 hxg6 31. Qd2 Qd6 32. Qc1 Qa6 33. Nf1 Nge8 34. Nh2
Nf6 35. Nf3 Bd6 36. Ng5 Be6 37. g3 Ng8 38. Nh7+ Kg7 39. Nxg8 Kxg8 40. Nf6+ Kf8
41. f4 Ke7 42. Ng8+ Kd8 43. f5 gxf5 44. exf5 Bd5 45. Nf6 Qc6 46. Qb1 Bxb4 47.
Qxb4 Qxf6 1/2-1/2

[Event "XXVIII Mitropa Cup"]
[Site "Rogaska Slatina SLO"]
[Date "2009.05.13"]
[Round "5.4"]
[White "Michalik, Peter"]
[Black "Rombaldoni, Denis"]
[Result "1/2-1/2"]
[WhiteElo "2409"]
[BlackElo "2442"]
[Annotator "ITA-SVK"]
[PlyCount "103"]
[EventDate "2009.05.09"]

1. e4 c5 2. Nf3 Nc6 3. d4 cxd4 4. Nxd4 Nf6 5. Nc3 d6 6. Bg5 e6 7. Qd2 a6 8.
O-O-O Nxd4 9. Qxd4 Be7 10. f4 b5 11. Be2 Bb7 12. Bf3 O-O 13. e5 Bxf3 14. exf6
gxf6 15. gxf3 fxg5 16. Ne4 d5 17. Nxg5 Bf6 18. Qd3 Bxg5 19. Rhg1 Qf6 20. fxg5
Qg6 21. f4 Qxd3 22. Rxd3 Rac8 23. b3 Rc5 24. h4 Rfc8 25. Rg2 Rc3 26. Rgd2 Kg7
27. f5 h6 28. gxh6+ Kxh6 29. Rd4 Rf3 30. fxe6 fxe6 31. Re2 Rf6 32. a4 Kg6 33.
Rg4+ Kf7 34. Reg2 Ke7 35. Kb2 e5 36. Rg7+ Rf7 37. axb5 axb5 38. Rxf7+ Kxf7 39.
Ka3 e4 40. Kb4 Ke6 41. h5 e3 42. h6 Ke5 43. h7 Rh8 44. Rh2 d4 45. Kxb5 d3 46.
cxd3 Kd4 47. Kc6 Kxd3 48. b4 e2 49. Rxe2 Kxe2 50. b5 Rxh7 51. b6 Kd3 52. Kd5
1/2-1/2

[Event "XXVIII Mitropa Cup"]
[Site "Rogaska Slatina SLO"]
[Date "2009.05.14"]
[Round "6.1"]
[White "Ragger, Markus"]
[Black "Caruana, Fabiano"]
[Result "0-1"]
[WhiteElo "2544"]
[BlackElo "2649"]
[Annotator "ITA-AUT"]
[PlyCount "76"]
[EventDate "2009.05.09"]

1. Nf3 Nf6 2. c4 Nc6 3. d4 e6 4. a3 g6 5. Nc3 d6 6. e4 Bg7 7. h3 O-O 8. Bg5 h6
9. Be3 e5 10. d5 Nd4 11. Nxd4 exd4 12. Bxd4 Nxe4 13. Bxg7 Re8 14. Be2 Kxg7 15.
Qd4+ Qf6 16. Qxf6+ Kxf6 17. Nxe4+ Rxe4 18. f3 Re7 19. Kf2 Bf5 20. Rhd1 Rae8 21.
Bf1 Re3 22. Rd2 R8e7 23. Rad1 g5 24. Re2 Rb3 25. Rxe7 Kxe7 26. Rd2 h5 27. g4
hxg4 28. hxg4 Bg6 29. Be2 Kf6 30. Bd1 Rd3 31. Ke2 Rxd2+ 32. Kxd2 Ke5 33. Ke3
Bb1 34. b4 Ba2 35. Be2 b5 36. c5 Bc4 37. cxd6 cxd6 38. Bd1 Bxd5 0-1

[Event "XXVIII Mitropa Cup"]
[Site "Rogaska Slatina SLO"]
[Date "2009.05.14"]
[Round "6.2"]
[White "Godena, Michele"]
[Black "Neubauer, Martin"]
[Result "1/2-1/2"]
[WhiteElo "2538"]
[BlackElo "2414"]
[Annotator "ITA-AUT"]
[PlyCount "53"]
[EventDate "2009.05.09"]

1. e4 e5 2. Nf3 Nc6 3. Bb5 Nf6 4. d3 Bc5 5. O-O Nd4 6. Nxd4 Bxd4 7. Nd2 c6 8.
Ba4 d6 9. c3 Bb6 10. Nc4 Bc7 11. Bb3 Be6 12. Re1 h6 13. Qf3 Qe7 14. Ne3 g6 15.
Bxe6 Qxe6 16. d4 Kf8 17. d5 cxd5 18. exd5 Qe7 19. a4 Nd7 20. a5 a6 21. Nc4 f5
22. Be3 Nf6 23. Ra4 Kg8 24. Rb4 Bd8 25. Qg3 g5 26. Qf3 f4 27. Bb6 1/2-1/2

[Event "XXVIII Mitropa Cup"]
[Site "Rogaska Slatina SLO"]
[Date "2009.05.14"]
[Round "6.3"]
[White "Kreisl, Robert"]
[Black "Brunello, Sabino"]
[Result "0-1"]
[WhiteElo "2389"]
[BlackElo "2477"]
[Annotator "ITA-AUT"]
[PlyCount "72"]
[EventDate "2009.05.09"]

1. e4 c5 2. Nf3 e6 3. d4 cxd4 4. Nxd4 a6 5. Nc3 Qc7 6. Be2 Nf6 7. O-O Nc6 8.
Be3 Be7 9. Kh1 O-O 10. f4 d6 11. a4 Re8 12. Bf3 Na5 13. e5 dxe5 14. fxe5 Qxe5
15. Qd3 Nc4 16. Qxc4 Qxe3 17. Rae1 Qg5 18. Qc7 Qc5 19. Qf4 Qb4 20. Rd1 Rd8 21.
Be2 Bd7 22. Ne4 Bxa4 23. c3 Qb6 24. Rd3 Be8 25. Rg3 Nxe4 26. Qxe4 g6 27. h4 Qd6
28. Rd3 Qd5 29. Qg4 h5 30. Qg3 Qe4 31. Rf4 Qe5 32. Re3 Qg7 33. Rf1 Bc5 34. Bxh5
Bxd4 35. cxd4 gxh5 36. Qc7 Rac8 0-1

[Event "XXVIII Mitropa Cup"]
[Site "Rogaska Slatina SLO"]
[Date "2009.05.14"]
[Round "6.4"]
[White "Rombaldoni, Denis"]
[Black "Pilaj, Herwig"]
[Result "1-0"]
[WhiteElo "2442"]
[BlackElo "2373"]
[Annotator "ITA-AUT"]
[PlyCount "85"]
[EventDate "2009.05.09"]

1. d4 d5 2. c4 c6 3. Nf3 Nf6 4. Qb3 dxc4 5. Qxc4 Bf5 6. Nc3 e6 7. g3 Nbd7 8.
Bg2 Be7 9. O-O O-O 10. Re1 Ne4 11. Qb3 Qb6 12. Nh4 Bxh4 13. gxh4 Ndf6 14. Nxe4
Bxe4 15. Qxb6 axb6 16. f3 Bd5 17. a3 c5 18. e4 Bb3 19. Be3 Nd7 20. Rac1 Rfc8
21. Bf1 c4 22. Kf2 b5 23. Bd2 Nb6 24. Bb4 Rd8 25. Ke3 Rd7 26. Re2 Na4 27. Rd2
Rad8 28. Bh3 Rc7 29. h5 h6 30. f4 Re8 31. f5 Nb6 32. Kf4 Nd7 33. Bd6 Rc6 34. e5
Nb6 35. Bg2 Nd5+ 36. Bxd5 exd5 37. Rg2 Rxd6 38. exd6 Kf8 39. d7 Rd8 40. Rcg1
Rxd7 41. Rxg7 Ke7 42. Ke5 Bc2 43. Rh7 1-0

[Event "XXVIII Mitropa Cup"]
[Site "Rogaska Slatina SLO"]
[Date "2009.05.15"]
[Round "7.1"]
[White "Caruana, Fabiano"]
[Black "Pavasovic, Dusko"]
[Result "1/2-1/2"]
[WhiteElo "2649"]
[BlackElo "2607"]
[Annotator "ITA-SLO"]
[PlyCount "133"]
[EventDate "2009.05.09"]

1. d4 d5 2. c4 e6 3. Nf3 c6 4. e3 Nf6 5. b3 Ne4 6. Bd3 Bd6 7. O-O Qe7 8. Nbd2
f5 9. Ne5 O-O 10. f3 Nf6 11. Bb2 Nbd7 12. c5 Bc7 13. f4 Ne4 14. b4 Ndf6 15.
Ndf3 Bd7 16. a4 Be8 17. b5 Kh8 18. Qe1 Rc8 19. Ba3 Bxe5 20. fxe5 Ng4 21. a5 Qd8
22. a6 bxa6 23. bxc6 Bxc6 24. h3 Nh6 25. Bb4 Rf7 26. Rxa6 Rb7 27. Ba3 Qe8 28.
Nd2 Nxd2 29. Qxd2 Rcc7 30. Rb1 Rxb1+ 31. Bxb1 Qb8 32. Bc2 Ng8 33. Qa5 Ne7 34.
Bb4 Kg8 35. Be1 h6 36. Bh4 Ng6 37. Be1 Ne7 38. Kh2 Kf7 39. Bh4 g5 40. Be1 Kg7
41. Qa3 Rb7 42. Ba4 Rc7 43. Bc2 Qb7 44. Bd3 Kf7 45. Qa2 Bb5 46. Bxb5 Qxb5 47.
Rd6 Qf1 48. Qb1 h5 49. Rd8 h4 50. Qd1 g4 51. hxg4 h3 52. Kxh3 Qh1+ 53. Kg3 Ng6
54. Kf3 Nh4+ 55. Kg3 Nxg2 56. Qf3 f4+ 57. exf4 Rb7 58. f5 Qxe1+ 59. Kxg2 Rb2+
60. Kh3 Rf2 61. fxe6+ Kg7 62. Rd7+ Kh8 63. Rd8+ Kg7 64. Rd7+ Kh8 65. e7 Qe3 66.
Kh4 Qh6+ 67. Kg3 1/2-1/2

[Event "XXVIII Mitropa Cup"]
[Site "Rogaska Slatina SLO"]
[Date "2009.05.15"]
[Round "7.2"]
[White "Borisek, Jure"]
[Black "Godena, Michele"]
[Result "1-0"]
[WhiteElo "2581"]
[BlackElo "2538"]
[Annotator "ITA-SLO"]
[PlyCount "49"]
[EventDate "2009.05.09"]

1. e4 e5 2. Nf3 Nc6 3. Bc4 Bc5 4. O-O Nf6 5. d4 Bxd4 6. Nxd4 Nxd4 7. f4 d6 8.
fxe5 dxe5 9. Bg5 Qd6 10. Na3 Bg4 11. Qe1 Qc5 12. Qf2 Ne6 13. Be3 Qe7 14. Qg3
Bh5 15. Bxe6 fxe6 16. Qxe5 Be2 17. Rfe1 Ba6 18. Rad1 Qf7 19. b4 Ng4 20. Qc5 c6
21. b5 cxb5 22. Nxb5 Bxb5 23. Qxb5+ Kf8 24. Rf1 Nf6 25. e5 1-0

[Event "XXVIII Mitropa Cup"]
[Site "Rogaska Slatina SLO"]
[Date "2009.05.15"]
[Round "7.4"]
[White "Skoberne, Jure"]
[Black "Rombaldoni, Denis"]
[Result "1-0"]
[WhiteElo "2471"]
[BlackElo "2442"]
[Annotator "ITA-SLO"]
[PlyCount "103"]
[EventDate "2009.05.09"]

1. e4 c6 2. d4 d5 3. exd5 cxd5 4. c4 Nf6 5. Nc3 Nc6 6. Nf3 Bg4 7. cxd5 Nxd5 8.
Qb3 Bxf3 9. gxf3 e6 10. Qxb7 Nxd4 11. Bb5+ Nxb5 12. Qc6+ Ke7 13. Qxb5 Qd7 14.
Nxd5+ Qxd5 15. Qxd5 exd5 16. Be3 Ke6 17. O-O-O Bb4 18. Bd4 Rhc8+ 19. Kb1 f6 20.
a3 Ba5 21. Rd3 a6 22. Rg1 Kf7 23. Be3 Rd8 24. Rc1 Rd7 25. Rc5 Bc7 26. Rcxd5
Rxd5 27. Rxd5 Bxh2 28. Rh5 Be5 29. Rxh7 Rb8 30. b4 a5 31. Bc5 axb4 32. axb4 Ra8
33. Rh4 g5 34. Rc4 Ra3 35. Be3 Rc3 36. Rxc3 Bxc3 37. b5 Ke6 38. Kc2 Be5 39. Kb3
Kd5 40. Kb4 Bb8 41. Ka5 Kc4 42. Kb6 Kd3 43. Kb7 Bd6 44. b6 Ke2 45. Kc8 Kxf3 46.
b7 f5 47. Bxg5 Kxf2 48. Bd8 f4 49. Bc7 Bxc7 50. Kxc7 f3 51. b8=Q Kg1 52. Qg8+
1-0

[Event "XXVIII Mitropa Cup"]
[Site "Rogaska Slatina SLO"]
[Date "2009.05.16"]
[Round "8.1"]
[White "Erdos, Viktor"]
[Black "Godena, Michele"]
[Result "1/2-1/2"]
[WhiteElo "2581"]
[BlackElo "2538"]
[Annotator "ITA-HUN"]
[PlyCount "59"]
[EventDate "2009.05.09"]

1. d4 d5 2. c4 dxc4 3. Nf3 Nf6 4. e3 e6 5. Bxc4 a6 6. O-O Nbd7 7. Re1 b5 8. Bd3
c5 9. a4 bxa4 10. e4 cxd4 11. e5 Nd5 12. Rxa4 Bb4 13. Bd2 Bc5 14. Na3 Bb7 15.
Nc2 Bb6 16. Qe2 Nc5 17. Rxd4 Nb3 18. Rg4 Nxd2 19. Nxd2 h5 20. Ra4 Bc6 21. Re4
g6 22. Nd4 Bb7 23. N4f3 Kf8 24. h4 Ne7 25. Ra4 Bc6 26. Rf4 Nd5 27. Re4 Ne7 28.
Rf4 Nd5 29. Re4 Ne7 30. Rf4 1/2-1/2

[Event "XXVIII Mitropa Cup"]
[Site "Rogaska Slatina SLO"]
[Date "2009.05.16"]
[Round "8.3"]
[White "Berczes, David"]
[Black "Rombaldoni, Denis"]
[Result "0-1"]
[WhiteElo "2513"]
[BlackElo "2442"]
[Annotator "ITA-HUN"]
[PlyCount "80"]
[EventDate "2009.05.09"]

1. d4 d5 2. c4 c6 3. Nc3 e6 4. Nf3 dxc4 5. Bg5 f6 6. Bd2 Nd7 7. e4 b5 8. a4 Bb4
9. b3 Nb6 10. a5 Nd7 11. bxc4 a6 12. Qb3 Bxa5 13. cxb5 axb5 14. Qxe6+ Ne7 15.
Qb3 Nb6 16. h3 Qd6 17. Be2 b4 18. Na4 Be6 19. Qb2 Nc4 20. Bxc4 Bxc4 21. Nb6 Qe6
22. Nxa8 Qxe4+ 23. Be3 Nd5 24. Nd2 Qxg2 25. Nxc4 Qxh1+ 26. Kd2 Qg2 27. Qb3 O-O
28. Nab6 f5 29. Nxd5 cxd5 30. Ne5 f4 31. Ng4 Bc7 32. Ke2 fxe3 33. Qxe3 Bf4 34.
Qe6+ Kh8 35. Ra7 Qxh3 36. Rf7 Ra8 37. Ra7 Rg8 38. Qf5 Re8+ 39. Kd1 Qb3+ 40. Qc2
Qf3+ 0-1

[Event "XXVIII Mitropa Cup"]
[Site "Rogaska Slatina SLO"]
[Date "2009.05.16"]
[Round "8.4"]
[White "Mogranzini, Roberto"]
[Black "Prohaszka, Peter"]
[Result "0-1"]
[WhiteElo "2422"]
[BlackElo "2511"]
[Annotator "ITA-HUN"]
[PlyCount "82"]
[EventDate "2009.05.09"]

1. e4 c6 2. d4 d5 3. Nc3 dxe4 4. Nxe4 Bf5 5. Ng3 Bg6 6. h4 h6 7. Nf3 Nd7 8. h5
Bh7 9. Bd3 Bxd3 10. Qxd3 e6 11. Bd2 Ngf6 12. O-O-O Be7 13. Ne4 Nxe4 14. Qxe4
Nf6 15. Qd3 Qc7 16. Kb1 O-O-O 17. Qe2 Rhe8 18. c4 c5 19. Bc3 Qf4 20. Ka1 Ne4
21. Ba5 b6 22. Rhe1 bxa5 23. Qxe4 Qxe4 24. Rxe4 Bf6 25. d5 Re7 26. Re2 Red7 27.
Red2 exd5 28. Rxd5 Rxd5 29. cxd5 Kc7 30. Kb1 Rb8 31. b3 a4 32. Kc2 axb3+ 33.
axb3 Kd6 34. Nd2 Kxd5 35. Nc4+ Bd4 36. Re1 a5 37. Nxa5 Ra8 38. Nc4 Ra2+ 39. Kd3
Rxf2 40. Re2 Rf5 41. Ra2 Rg5 0-1

[Event "XXVIII Mitropa Cup"]
[Site "Rogaska Slatina SLO"]
[Date "2009.05.17"]
[Round "9.2"]
[White "Braun, Arik"]
[Black "Godena, Michele"]
[Result "1/2-1/2"]
[WhiteElo "2564"]
[BlackElo "2538"]
[Annotator "ITA-GER"]
[PlyCount "39"]
[EventDate "2009.05.09"]

1. d4 d5 2. c4 dxc4 3. Nf3 Nf6 4. e3 e6 5. Bxc4 a6 6. O-O Nbd7 7. Re1 b5 8. Bb3
Bb7 9. Nc3 Be7 10. Bc2 c5 11. e4 cxd4 12. Nxd4 Ne5 13. Bf4 Nc4 14. b3 Na3 15.
e5 Nxc2 16. Nxc2 Qxd1 17. Raxd1 Nd5 18. Nxd5 Bxd5 19. Rc1 O-O 20. Ne3 1/2-1/2

[Event "XXVIII Mitropa Cup"]
[Site "Rogaska Slatina SLO"]
[Date "2009.05.17"]
[Round "9.3"]
[White "Brunello, Sabino"]
[Black "Prusikin, Michael"]
[Result "1-0"]
[WhiteElo "2477"]
[BlackElo "2549"]
[Annotator "ITA-GER"]
[PlyCount "99"]
[EventDate "2009.05.09"]

1. d4 d5 2. c4 e6 3. Nf3 Nf6 4. g3 dxc4 5. Bg2 a6 6. O-O Nc6 7. Nc3 Rb8 8. Ne5
Nxe5 9. dxe5 Qxd1 10. Rxd1 Nd7 11. f4 b5 12. Be3 Bc5 13. Kf2 Bb7 14. Bxb7 Rxb7
15. Ne4 Bxe3+ 16. Kxe3 Ke7 17. Rd4 Rbb8 18. a4 Nb6 19. Nc5 Rbd8 20. Nxa6 Rxd4
21. Kxd4 Nxa4 22. Nxc7 Rd8+ 23. Ke3 c3 24. b3 Nc5 25. Nxb5 c2 26. Rc1 Rb8 27.
Nd4 Nxb3 28. Nc6+ Ke8 29. Rxc2 Rc8 30. Nd4 Rxc2 31. Nxc2 h5 32. Nd4 Nc5 33. Nf3
Ke7 34. Kd4 Nd7 35. Ne1 Nf8 36. e4 g6 37. Kc5 Nd7+ 38. Kc6 g5 39. Nd3 gxf4 40.
gxf4 h4 41. Nf2 Nf8 42. Kc5 Ng6 43. Nd3 f6 44. exf6+ Kxf6 45. Kd4 e5+ 46. fxe5+
Kg5 47. e6 Kf6 48. Kd5 Ke7 49. h3 Nf8 50. Nf4 1-0

[Event "XXVIII Mitropa Cup"]
[Site "Rogaska Slatina SLO"]
[Date "2009.05.17"]
[Round "9.4"]
[White "Baramidze, David"]
[Black "Rombaldoni, Denis"]
[Result "0-1"]
[WhiteElo "2547"]
[BlackElo "2442"]
[Annotator "ITA-GER"]
[PlyCount "68"]
[EventDate "2009.05.09"]

1. e4 c5 2. Nf3 Nc6 3. d4 cxd4 4. Nxd4 Nf6 5. Nc3 d6 6. Bg5 e6 7. Qd2 a6 8.
O-O-O Nxd4 9. Qxd4 Be7 10. f4 b5 11. Bxf6 gxf6 12. Be2 Rb8 13. Bf3 b4 14. Ne2
Bd7 15. Kb1 a5 16. f5 e5 17. Qe3 Qc7 18. Qh6 a4 19. Qg7 Rf8 20. Qxh7 a3 21. b3
Rc8 22. Rc1 Bb5 23. c4 bxc3 24. Nxc3 Bd3+ 25. Ka1 Qa5 26. Nb1 Rxc1 27. Rxc1 Qa7
28. Qh6 Qd4+ 29. Nc3 d5 30. Qd2 Bb4 31. exd5 Kd7 32. Be4 Rc8 33. Bxd3 Rxc3 34.
Bb5+ Kd6 0-1

[Event "VI Mitropa Cup femminile"]
[Site "Rogaska Slatina SLO"]
[Date "2009.05.09"]
[Round "1.1"]
[White "Ohme, Melanie"]
[Black "Sedina, Elena"]
[Result "1/2-1/2"]
[WhiteElo "2242"]
[BlackElo "2351"]
[PlyCount "116"]
[EventDate "2009.05.09"]

1. e4 e6 2. d4 d5 3. Nc3 Nf6 4. e5 Nfd7 5. f4 c5 6. Nf3 Nc6 7. Be3 Be7 8. Qd2
O-O 9. dxc5 Nxc5 10. O-O-O a6 11. Kb1 b5 12. Qf2 Na4 13. Nxa4 bxa4 14. Bb6 Qd7
15. c4 Rb8 16. h4 f6 17. exf6 Bxf6 18. c5 e5 19. Bd3 Nb4 20. fxe5 Bxe5 21. Qd2
Nxd3 22. Qxd3 Bf6 23. Qxd5+ Qxd5 24. Rxd5 Bb7 25. Rd2 a3 26. bxa3 Be4+ 27. Kc1
Rfc8 28. Kd1 Rxc5 29. Bxc5 Rb1+ 30. Ke2 Rxh1 31. Rd7 Bc6 32. Rc7 Bxf3+ 33. Kxf3
Rxh4 34. Ra7 Ra4 35. Bb4 Bb2 36. Ra8+ Kf7 37. Ra7+ Kg6 38. Bf8 Bxa3 39. Bxg7
Bc5 40. Rc7 Rxa2 41. Rxc5 Kxg7 42. Rc6 a5 43. Ra6 a4 44. Kg3 a3 45. Kh2 Ra1 46.
Kg3 Kf7 47. Kg4 a2 48. Kg3 Ke7 49. Kh2 Kd7 50. Kg3 h5 51. Kh2 h4 52. Ra4 Kc6
53. Ra8 Kb5 54. Rb8+ Kc4 55. Rc8+ Kd3 56. Rd8+ Kc2 57. Rc8+ Kb3 58. Rb8+ Kc3
1/2-1/2

[Event "VI Mitropa Cup femminile"]
[Site "Rogaska Slatina SLO"]
[Date "2009.05.10"]
[Round "2.1"]
[White "Sedina, Elena"]
[Black "Papp, Petra"]
[Result "1/2-1/2"]
[WhiteElo "2351"]
[BlackElo "2141"]
[PlyCount "105"]
[EventDate "2009.05.09"]

1. e4 c5 2. Nf3 d6 3. c3 Nf6 4. Be2 Bg4 5. O-O g6 6. h3 Bxf3 7. Bxf3 Nc6 8. d4
cxd4 9. cxd4 Bg7 10. Nc3 O-O 11. Be3 Rc8 12. Rc1 a6 13. Re1 Re8 14. d5 Ne5 15.
Be2 b5 16. a3 Nfd7 17. a4 Nc4 18. Bd4 Nxb2 19. Qd2 Nc4 20. Bxc4 Bxd4 21. Bf1
Bxc3 22. Rxc3 bxa4 23. Ra3 Nc5 24. h4 Rb8 25. h5 Rb3 26. Ra2 Qd7 27. Bc4 Rb6
28. Qe2 Reb8 29. e5 Qf5 30. exd6 exd6 31. h6 Rb1 32. Ra1 Rxa1 33. Rxa1 Qe5 34.
Qxe5 dxe5 35. d6 Rd8 36. Re1 e4 37. Rd1 Nb7 38. d7 Nc5 39. Rd5 Nxd7 40. Bxa6
Kf8 41. Bb5 Ke7 42. Bxa4 f5 43. Ra5 Nf8 44. g4 Kf6 45. gxf5 gxf5 46. Kg2 Kg5
47. Bc2 Rd4 48. Kg3 Ng6 49. f3 Kxh6 50. Rxf5 e3 51. Rf6 Rd2 52. Bxg6 hxg6 53.
Re6 1/2-1/2

[Event "VI Mitropa Cup femminile"]
[Site "Rogaska Slatina SLO"]
[Date "2009.05.10"]
[Round "2.2"]
[White "Dudas, Eszter"]
[Black "Brunello, Marina"]
[Result "1/2-1/2"]
[WhiteElo "2140"]
[BlackElo "2166"]
[PlyCount "49"]
[EventDate "2009.05.09"]

1. e4 c5 2. Nf3 d6 3. d4 cxd4 4. Nxd4 Nf6 5. Nc3 a6 6. Bc4 Qc7 7. Bb3 e6 8. Be3
Be7 9. f4 b5 10. a3 Nc6 11. Qf3 Bb7 12. O-O-O Nxd4 13. Bxd4 O-O-O 14. Rhe1 Kb8
15. Qf2 Rc8 16. Kb1 Rhg8 17. f5 exf5 18. exf5 d5 19. Bxf6 Bxf6 20. Nxd5 Qxh2
21. Nb6 Bh4 22. Nd7+ Ka8 23. Nb6+ Kb8 24. Nd7+ Ka8 25. Nb6+ 1/2-1/2

[Event "VI Mitropa Cup femminile"]
[Site "Rogaska Slatina SLO"]
[Date "2009.05.11"]
[Round "3.2"]
[White "Brunello, Marina"]
[Black "Solic, Kristina"]
[Result "1/2-1/2"]
[WhiteElo "2166"]
[BlackElo "2233"]
[PlyCount "70"]
[EventDate "2009.05.09"]

1. e4 c5 2. c3 d6 3. d4 Nf6 4. Bd3 Nc6 5. Nf3 Bg4 6. Be3 e6 7. O-O Be7 8. Nbd2
O-O 9. h3 Bh5 10. Qb3 Qc7 11. Bf4 e5 12. dxe5 dxe5 13. Bg3 a6 14. Rfe1 Rad8 15.
Bf1 Rd7 16. a4 Rfd8 17. Nc4 Bxf3 18. gxf3 Nh5 19. a5 Bg5 20. Qa3 Bf4 21. Kh2
Ne7 22. Qb3 Ng6 23. Red1 Nh4 24. Be2 h6 25. Rxd7 Rxd7 26. Rd1 Rxd1 27. Qxd1 Qe7
28. Nd6 Qg5 29. Qg1 Bxg3+ 30. fxg3 Qd2 31. Qd1 Nxf3+ 32. Kg2 Ne1+ 33. Kh2 Nf3+
34. Kg2 Ne1+ 35. Kh2 Nf3+ 1/2-1/2

[Event "VI Mitropa Cup femminile"]
[Site "Rogaska Slatina SLO"]
[Date "2009.05.12"]
[Round "4.1"]
[White "Sedina, Elena"]
[Black "Schink, Barbara"]
[Result "0-1"]
[WhiteElo "2351"]
[BlackElo "2029"]
[PlyCount "68"]
[EventDate "2009.05.09"]

1. e4 e5 2. Nf3 Nc6 3. d4 exd4 4. Nxd4 Bc5 5. Nxc6 Qf6 6. Qf3 dxc6 7. Bc4 Bd7
8. Qxf6 Nxf6 9. f3 O-O 10. Nc3 Rfe8 11. Bg5 Be6 12. Bxe6 Rxe6 13. O-O-O h6 14.
Bf4 Bd6 15. Be3 Nd7 16. Ne2 Nb6 17. b3 c5 18. c4 f5 19. Nc3 f4 20. Bd2 Rg6 21.
Rhg1 Rf8 22. Ne2 Nc8 23. Bc3 Re6 24. Rd3 Ne7 25. g3 fxg3 26. Nxg3 g6 27. Kb1
Kh7 28. e5 Bxe5 29. Re1 Nc6 30. Rd7+ Kg8 31. Rg7+ Bxg7 32. Rxe6 Bxc3 33. Rxg6+
Kh7 34. Re6 Rxf3 0-1

[Event "VI Mitropa Cup femminile"]
[Site "Rogaska Slatina SLO"]
[Date "2009.05.12"]
[Round "4.2"]
[White "Bauer, Marie-Christine"]
[Black "Brunello, Marina"]
[Result "1/2-1/2"]
[WhiteElo "1871"]
[BlackElo "2166"]
[PlyCount "68"]
[EventDate "2009.05.09"]

1. e4 c5 2. Nf3 e6 3. d4 cxd4 4. Nxd4 a6 5. Nc3 Qc7 6. Bd3 b5 7. Be3 Bb7 8. Qd2
Bb4 9. O-O Bxc3 10. bxc3 Nf6 11. f3 Nc6 12. Nxc6 Qxc6 13. Bd4 Rc8 14. Qg5 Kf8
15. Rfb1 h6 16. Qf4 Ke7 17. a4 Qc7 18. Qxc7 Rxc7 19. axb5 axb5 20. Rxb5 Bc6 21.
Rb3 d6 22. e5 dxe5 23. Bxe5 Rd7 24. Rb6 Ba8 25. Bb5 Rd5 26. c4 Rxe5 27. Ra7+
Nd7 28. Bxd7 Kf6 29. Rba6 Rd8 30. Bb5 Rd2 31. Kf1 Ree2 32. Rxa8 Rf2+ 33. Ke1
Rfe2+ 34. Kf1 Rf2+ 1/2-1/2

[Event "VI Mitropa Cup femminile"]
[Site "Rogaska Slatina SLO"]
[Date "2009.05.14"]
[Round "5.1"]
[White "Flear, Christine"]
[Black "Sedina, Elena"]
[Result "0-1"]
[WhiteElo "2172"]
[BlackElo "2351"]
[PlyCount "68"]
[EventDate "2009.05.09"]

1. d4 d5 2. c4 c6 3. Nc3 dxc4 4. e4 b5 5. a4 b4 6. Na2 Nf6 7. e5 Nd5 8. Bxc4
Bf5 9. Ne2 e6 10. O-O Be7 11. Be3 O-O 12. Nac1 a5 13. Ng3 Bg6 14. Qe2 Nxe3 15.
Qxe3 Nd7 16. Nce2 c5 17. Bb5 Rc8 18. Rfd1 Nb6 19. dxc5 Nd5 20. Qf3 Qc7 21. Nf4
Qxe5 22. Nxd5 exd5 23. Rxd5 Qxb2 24. Re1 Bxc5 25. Nf5 Qc3 26. Red1 Qxf3 27.
gxf3 b3 28. Rb1 Rfd8 29. Rxc5 Rxc5 30. Ne7+ Kf8 31. Nxg6+ hxg6 32. Rxb3 Rd1+
33. Kg2 Rg5+ 34. Kh3 Rdg1 0-1